<?xml version="1.0" encoding="UTF-8"?>
<record
    xmlns:xsi="http://www.w3.org/2001/XMLSchema-instance"
    xsi:schemaLocation="http://www.loc.gov/MARC21/slim http://www.loc.gov/standards/marcxml/schema/MARC21slim.xsd"
    xmlns="http://www.loc.gov/MARC21/slim">

  <leader>00923nam a22002657a 4500</leader>
  <controlfield tag="003">CBULib</controlfield>
  <controlfield tag="005">20240918085421.0</controlfield>
  <controlfield tag="008">230502b        |||||||| |||| 00| 0 eng d</controlfield>
  <datafield tag="020" ind1=" " ind2=" ">
    <subfield code="a">9781498783576</subfield>
  </datafield>
  <datafield tag="040" ind1=" " ind2=" ">
    <subfield code="a">CBULib</subfield>
    <subfield code="c">CBULib</subfield>
    <subfield code="b">English</subfield>
    <subfield code="e">rda</subfield>
  </datafield>
  <datafield tag="041" ind1=" " ind2=" ">
    <subfield code="a">eng</subfield>
  </datafield>
  <datafield tag="050" ind1=" " ind2=" ">
    <subfield code="a">QC 760 Car</subfield>
  </datafield>
  <datafield tag="100" ind1="1" ind2=" ">
    <subfield code="a">Cardoso, Jos&#xE9; Roberto</subfield>
    <subfield code="9">368</subfield>
  </datafield>
  <datafield tag="245" ind1=" " ind2=" ">
    <subfield code="a">Electromagnetics through the finite element method : a simplified approach using Maxwell's equations</subfield>
    <subfield code="c">/ by Jos&#xE9; Roberto Cardoso</subfield>
  </datafield>
  <datafield tag="260" ind1=" " ind2=" ">
    <subfield code="a">New York :</subfield>
    <subfield code="b">CRC Press,</subfield>
    <subfield code="c">2017</subfield>
  </datafield>
  <datafield tag="300" ind1=" " ind2=" ">
    <subfield code="a">xiii, 198 pages : illustrations</subfield>
  </datafield>
  <datafield tag="336" ind1=" " ind2=" ">
    <subfield code="2">rdacontent</subfield>
    <subfield code="a">Text |</subfield>
    <subfield code="b">txt</subfield>
  </datafield>
  <datafield tag="337" ind1=" " ind2=" ">
    <subfield code="2">rdamedia</subfield>
    <subfield code="a">Unmediated |</subfield>
    <subfield code="b">n</subfield>
  </datafield>
  <datafield tag="338" ind1=" " ind2=" ">
    <subfield code="2">rdacarrier</subfield>
    <subfield code="a">Volume</subfield>
    <subfield code="b">nc</subfield>
  </datafield>
  <datafield tag="504" ind1=" " ind2=" ">
    <subfield code="a">Includes bibliographical references and index.</subfield>
  </datafield>
  <datafield tag="650" ind1=" " ind2="0">
    <subfield code="a">MAXWELL EQUATIONS--NUMERICAL SOLUTIONS</subfield>
    <subfield code="9">369</subfield>
  </datafield>
  <datafield tag="650" ind1=" " ind2="0">
    <subfield code="a">ELECTROMAGNETISM--MATHEMATICS</subfield>
    <subfield code="9">370</subfield>
  </datafield>
  <datafield tag="650" ind1=" " ind2="0">
    <subfield code="a">FINITE ELEMENT METHOD</subfield>
    <subfield code="9">371</subfield>
  </datafield>
  <datafield tag="942" ind1=" " ind2=" ">
    <subfield code="c">002</subfield>
    <subfield code="2">lcc</subfield>
  </datafield>
  <datafield tag="999" ind1=" " ind2=" ">
    <subfield code="c">77550</subfield>
    <subfield code="d">77550</subfield>
  </datafield>
  <datafield tag="952" ind1=" " ind2=" ">
    <subfield code="0">0</subfield>
    <subfield code="1">0</subfield>
    <subfield code="2">lcc</subfield>
    <subfield code="4">0</subfield>
    <subfield code="7">0</subfield>
    <subfield code="8">MC</subfield>
    <subfield code="a">001</subfield>
    <subfield code="b">001</subfield>
    <subfield code="c">GEN</subfield>
    <subfield code="d">2023-05-02</subfield>
    <subfield code="e">DON-BOOKAID</subfield>
    <subfield code="g">168.78</subfield>
    <subfield code="o">QC 760 Car</subfield>
    <subfield code="p">752035</subfield>
    <subfield code="r">2023-05-02</subfield>
    <subfield code="t">3</subfield>
    <subfield code="v">202.54</subfield>
    <subfield code="w">2023-05-02</subfield>
    <subfield code="y">002</subfield>
  </datafield>
  <datafield tag="952" ind1=" " ind2=" ">
    <subfield code="0">0</subfield>
    <subfield code="1">0</subfield>
    <subfield code="2">lcc</subfield>
    <subfield code="4">0</subfield>
    <subfield code="7">0</subfield>
    <subfield code="8">MC</subfield>
    <subfield code="a">001</subfield>
    <subfield code="b">001</subfield>
    <subfield code="c">GEN</subfield>
    <subfield code="d">2023-05-02</subfield>
    <subfield code="e">DON-BOOKAID</subfield>
    <subfield code="g">168.78</subfield>
    <subfield code="o">QC 760 Car</subfield>
    <subfield code="p">752036</subfield>
    <subfield code="r">2023-05-02</subfield>
    <subfield code="t">4</subfield>
    <subfield code="v">202.54</subfield>
    <subfield code="w">2023-05-02</subfield>
    <subfield code="y">002</subfield>
  </datafield>
  <datafield tag="952" ind1=" " ind2=" ">
    <subfield code="0">0</subfield>
    <subfield code="1">0</subfield>
    <subfield code="2">lcc</subfield>
    <subfield code="4">0</subfield>
    <subfield code="7">0</subfield>
    <subfield code="8">MK</subfield>
    <subfield code="a">003</subfield>
    <subfield code="b">001</subfield>
    <subfield code="c">GEN</subfield>
    <subfield code="d">2023-05-18</subfield>
    <subfield code="e">DON-BOOKAID</subfield>
    <subfield code="l">0</subfield>
    <subfield code="o">QC 760 Car</subfield>
    <subfield code="p">752033</subfield>
    <subfield code="r">2023-05-18</subfield>
    <subfield code="t">1</subfield>
    <subfield code="w">2023-05-18</subfield>
    <subfield code="y">002</subfield>
  </datafield>
  <datafield tag="952" ind1=" " ind2=" ">
    <subfield code="0">0</subfield>
    <subfield code="1">0</subfield>
    <subfield code="2">lcc</subfield>
    <subfield code="4">0</subfield>
    <subfield code="7">0</subfield>
    <subfield code="8">MK</subfield>
    <subfield code="a">003</subfield>
    <subfield code="b">001</subfield>
    <subfield code="c">GEN</subfield>
    <subfield code="d">2023-05-18</subfield>
    <subfield code="e">DON-BOOKAID</subfield>
    <subfield code="l">0</subfield>
    <subfield code="o">QC 760 Car</subfield>
    <subfield code="p">752034</subfield>
    <subfield code="r">2023-05-18</subfield>
    <subfield code="t">2</subfield>
    <subfield code="w">2023-05-18</subfield>
    <subfield code="y">002</subfield>
  </datafield>
  <datafield tag="952" ind1=" " ind2=" ">
    <subfield code="0">0</subfield>
    <subfield code="1">0</subfield>
    <subfield code="2">lcc</subfield>
    <subfield code="4">0</subfield>
    <subfield code="7">0</subfield>
    <subfield code="8">LSK</subfield>
    <subfield code="a">010</subfield>
    <subfield code="b">001</subfield>
    <subfield code="c">GEN</subfield>
    <subfield code="d">2024-09-18</subfield>
    <subfield code="e">DON-BOOKAID</subfield>
    <subfield code="g">168.78</subfield>
    <subfield code="l">0</subfield>
    <subfield code="o">QC 760 Car</subfield>
    <subfield code="p">752718</subfield>
    <subfield code="r">2024-09-18</subfield>
    <subfield code="t">5</subfield>
    <subfield code="w">2024-09-18</subfield>
    <subfield code="y">002</subfield>
  </datafield>
  <datafield tag="952" ind1=" " ind2=" ">
    <subfield code="0">0</subfield>
    <subfield code="1">0</subfield>
    <subfield code="2">lcc</subfield>
    <subfield code="4">0</subfield>
    <subfield code="7">0</subfield>
    <subfield code="8">LSK</subfield>
    <subfield code="a">010</subfield>
    <subfield code="b">010</subfield>
    <subfield code="c">GEN</subfield>
    <subfield code="d">2024-09-18</subfield>
    <subfield code="e">DON-BOOKAID</subfield>
    <subfield code="g">168.78</subfield>
    <subfield code="o">QC 760 Car</subfield>
    <subfield code="p">752719</subfield>
    <subfield code="r">2024-09-18</subfield>
    <subfield code="t">6</subfield>
    <subfield code="w">2024-09-18</subfield>
    <subfield code="y">002</subfield>
  </datafield>
</record>
